|
|
|
|
| LEADER |
00000cam a2200000 7i4500 |
| 001 |
0000200321 |
| 005 |
20160120.0 |
| 022 |
0 |
|
|a 1823-2949
|
| 090 |
0 |
0 |
|a 747
|b IND
|
| 245 |
1 |
0 |
|a In Design
|
| 260 |
|
|
|a Shah Alam :
|b In Publishers Sdn. Bhd ,
|c 2014
|
| 300 |
|
|
|a 138p. :
|b ill.,col; ;
|c 30cm.
|
| 650 |
0 |
0 |
|a Home furnishing
|x Periodicals
|
| 850 |
|
|
|a Library has:January - December 2014
|
| 999 |
|
|
|a 282030/15
|b MAJALAH
|c MAJALAH RUJUKAN
|e PERPUSTAKAAN KOMUNITI PETALING JAYA
|
| 999 |
|
|
|a 282032/15
|b MAJALAH
|c MAJALAH RUJUKAN
|e PERPUSTAKAAN KOMUNITI PETALING JAYA
|
| 999 |
|
|
|a 282809/14
|b MAJALAH
|c MAJALAH RUJUKAN
|e PERPUSTAKAAN KOMUNITI PETALING JAYA
|
| 999 |
|
|
|a 282821/14
|b MAJALAH
|c MAJALAH RUJUKAN
|e PERPUSTAKAAN KOMUNITI PETALING JAYA
|
| 999 |
|
|
|a 282825/14
|b MAJALAH
|c MAJALAH RUJUKAN
|e PERPUSTAKAAN KOMUNITI PETALING JAYA
|
| 999 |
|
|
|a 334911/16
|b MAJALAH
|c MAJALAH RUJUKAN
|e PERPUSTAKAAN KOMUNITI PETALING JAYA
|
| 999 |
|
|
|a 334932/16
|b MAJALAH
|c MAJALAH RUJUKAN
|e PERPUSTAKAAN KOMUNITI PETALING JAYA
|